00524nam a2200169Ia 450000500170000000800410001702000130005808200130007124500580008426000440014230000160018665000170020265000170021994200060023695200970024299900150033920240611033641.0240331s9999 xx 000 0 und d a0805505x bMIGa331 0aMigrant fishermen in Congo :btradition and modernity aNorwaybChr. Michelsen Institutec1994 aiv, 66 p ., aHuman Rights aDevelopment  cL 001040708LaWERCLbWERCLcSSCd2024-03-31l0o 331.6 MIGp3714r2024-03-31w2024-03-31yL c2686d2686